Nebáli sa ani súdu ani železa Zastavenie (oneskorené) pri jubileu Slováka

Bibliographic Details
Main Author: Janek, Jozef, 1912-1999 (Author)
Format: Article
Language:Slovak
Subjects:

MARC

LEADER 00000nab a2200000 a 4500
001 vtls000402864
003 SK-MaSNL
005 20260304220132.0
008 120924c1991 xo 0 slo
015 |a SNBRB19rr/mm-uuuuu 
035 |a CL0402988 
040 |a SNKBUCL  |b slo  |c SNKBUCL  |e AACR2 
041 0 |a slo 
044 |a xo  |c SK 
080 |a 07(437.6)(091)  |2 1981 
100 1 |a Janek, Jozef,  |d 1912-1999  |4 aut  |9 38567 
245 1 0 |a Nebáli sa ani súdu ani železa  |b Zastavenie (oneskorené) pri jubileu Slováka  |c Jozef Janek ; Andrej Hlinka 
600 1 7 |a Hlinka, Andrej,  |d 1864-1938,  |2 snkbucl  |9 103031 
650 0 7 |a Slovák (noviny)  |2 snkbucl  |9 982284 
655 7 |a články z novín a časopisov  |2 snkbucl  |9 267496 
773 0 |t Slovenský denník  |g Roč. 2, č. 4 (5. 1. 1991), s. 9 
850 |a Slovenská národná knižnica v Martine  |a MTA001 
852 |a SNK  |b KIS3GCP 
958 |a RK 
992 |a RBX 
999 |c 3150217  |d 3152147